000 01304cam a22002531i 4500
003 SA-RiAUC
005 20260217141320.0
008 260212s2005 jo g 000 0 ara c
040 _aSA-JeALM
_bara
_cSA-RiAUC.
_erda
082 0 4 _a251
090 _aم ن 251
_bك م ا
100 1 _aكمال، محمد صالح بن صديق بن عبد الرحمن،
_dولد 1263 هجري
_eمؤلف.
245 1 0 _aهذه تبصرة الصبيان وتذكرة الإخوان /
_bوقد حلي هامشه بالرسالة المسماة كفاية الغلام لإمام عصره وواحد دهره سيدي عبدالغني النابلسي الحنفي
_cمحمد صالح بن صديق كمال الحنفي .
246 3 3 _aتبصرة الصبيان وتذكرة الإخوان
264 1 _aالقاهرة :
_bمطبعة التقدم العلمية،
_c1345 هـ
300 _a90 صفحة
_c28 سم.
336 _aنص
_btxt
_2rdacontent
_3كتاب
337 _aبدون وسيط
_bn
_2rdamedia
650 7 _aأصول الفقه الإسلامي
_2aucsh
700 1 _aالنابلسي الحنفي، عبدالغني
_eمؤلف.
740 _aكفاية الغلام للإمام عبدالغني النابلسي الحنفي
942 _2ddc
_cRBOOK COPY
_n0
949 _aSA-JeALM
_d260212
_uosman123
_n1
999 _c14374
_d14374